| 000 | 00387nam a2200097Ia 4500 | ||
|---|---|---|---|
| 008 | 220216s9999 xx 000 0 und d | ||
| 100 | _aYahaya Mohammad Puat | ||
| 245 | 0 | _aManagement schemes for smallholdings: RISDAs experience | |
| 260 | _bThe Progress and Development of Rubber Small Holders: Proceedings of the Ninth Seminar, 9-11 November 2005, Cochin, India. pp. 91-98. | ||
| 942 | _cJS | ||
| 999 |
_c62460 _d62460 |
||